000 00750nam a22002652 4500
999 _c18254
_d18254
001 0000003091
003 OSt
005 20200812100008.0
008 070427s xx 000 0 eng d
020 _a007715469x
040 _aKABU
_cKABU
050 0 _aHJ257.2
_b.R67 2014 c.1
100 1 _aRosen, Harvey S.
245 1 0 _aPublic finance /
_cHarvey S. Rosen.
250 _a10th ed.
_bGlobal edition
260 _aBoston :
_bIrwin/McGraw-Hill,
_c2014.
300 _axxii, 588p.
650 0 _aFinance, Public
_zUnited States.
700 _aTed Gayer
908 _a070427
942 _2lcc
_cBK